000 00439 a2200145 4500
005 20250415132045.0
020 _a0-201-05163-X
082 _a657.3 MON
100 _aMONTGOMERY, A.T.
245 _aFinancial Accounting Information : An Introduction to its Preparation and Use.
250 _a2nd Ed.
260 _aLondon,
_bAddison- Wesley publishing company,
_c1982.
300 _axx, 878p.: Ill.;figures
_bIndex
_c23cm.
942 _2ddc
_cBKS
999 _c1469
_d1469